Law of rent control, eviction and leases in India : Vol 1-2

Bibliographic Details
Main Author: R. D. Agarwal
Format: Book
Published: Allahabad : Law Book Company , 1980
Edition:2nd. ed.
Subjects:

MARC

LEADER 00000cam a2200000 7i4500
001 0000004021
005 20050628.0
040 |a INS 
090 0 0 |a KF26   |b A261 1980 
100 0 |a R. D. Agarwal 
245 0 0 |a Law of rent control, eviction and leases in India :   |b Vol 1-2   |c R. D. Agarwal 
250 |a 2nd. ed. 
260 |a Allahabad :   |b Law Book Company ,   |c 1980 
300 |a 25cm 
650 0 0 |a Rent control 
999 |a 0000003714   |b BOOK   |c Open Shelf   |e Default branch 
999 |a 0000003715   |b BOOK   |c Open Shelf   |e Default branch